000 00529nam a2200181Ia 4500
001 3434
005 20260306145643.0
008 260306t1990||||xx |||||||||||||| ||spa||
041 _aESP
082 _a277.7
_bU61 V. 2
100 _aUniversidad de Navarra
_eAUT
245 0 _aEvangelización y teología en América (siglo XVI):
_bX simposio internacional de teología de la Universidad de Navarra
260 _c1990
300 _a748 - 1584 páginas :
_c24 cm.
650 _aGEN
654 _aCHU
942 _cLIB
_dJUS
_fJUS
_2ddc
_n
999 _c3434
_d3434